| 000 | 00709nam a22002417a 4500 | ||
|---|---|---|---|
| 999 |
_c13385 _d13385 |
||
| 003 | AR-CdUCM | ||
| 008 | 190415b ||||| |||| 00| 0 spa d | ||
| 040 |
_aMUNICIPALIDAD PROVINCIAL DEL CUSCO _cBIBLIOTECA MUNICIPAL DEL CUSCO |
||
| 041 | _hrus | ||
| 082 |
_aES / 373.891 _bSO66 |
||
| 100 |
_aSolyenitzin, Alejandro _931790 |
||
| 245 |
_aCuentos en miniatura : _bCuentos / |
||
| 260 |
_aBuenos Aires : _bEmece editores, _c1969. |
||
| 300 |
_a179 paginas ; _c18 cm. |
||
| 500 | _aCuentos y novelas | ||
| 650 |
_aCuentos _9217 |
||
| 650 |
_aNovelas _9218 |
||
| 650 |
_aHistorias _92725 |
||
| 650 |
_aLiteratura _983 |
||
| 700 |
_aAstrau, Irina _931791 |
||
| 942 |
_2ddc _cLIBROS |
||
| 945 |
_apjha _d2019-04-15 |
||